00239nam a2200097Ia 4500082001100000245002400011100002600035942002000061008004100081999001900122 aAF UYS 0aLiefde bedek alles  aUys, Pierre 9107834 cBKyzCRON CRON210825s9999 xx 000 0 und d c518696d518695